000 00780nam a2200241 i 4500
003 DO-SdBNP
005 20250621074009.0
007 ta
008 201117b1947 dr dr | 00| 0 spaspa d
040 _aDO-SdBNP
_bspa
_cBNPHU
_erda
082 4 _a972.93053
_bO83i 1947
_222
100 1 _aOsorio Lizarazo, J. A.,
_q (José Antonio)
_d1900-1964
_922545
245 1 3 _aLa isla iluminada /
_cJ. A. Osorio Lizarazo.
264 _aSantiago, República Dominicana :
_bEl Diario,
_c1947.
300 _a265 páginas :
_c21 cm.
336 _2rdacontent
_atexto
_btxt
337 _2rdamedia
_asin mediación
_bn
338 _2rdacarrier
_avolumen
_bnc
590 _aInventariado, 2020 /LP
651 0 _aRepública Dominicana
_xPolítica y gobierno
_945
910 _aLopérez.
942 _2ddc
_cLBS1
999 _c49143
_d49143